| 000 | 00411nam a2200157Ia 4500 | ||
|---|---|---|---|
| 008 | 210716s2007 xx 000 0 und d | ||
| 020 | _a9788178298559 | ||
| 041 | _aeng | ||
| 082 | _a657 MARP | ||
| 100 | _aMarriott, Pru;Edwards, J R;Mellett, H J. | ||
| 245 | _aIntroduction to accounting, | ||
| 250 | _a3 | ||
| 260 |
_aNew Delhi _bSage Publications _c2007 |
||
| 300 | _axiv,537 | ||
| 650 | _aAccounting(657) | ||
| 999 |
_c211418 _d211418 |
||